00533nam a22001577a 450000500170000002000320001704000340004908200120008310000190009524501370011425000120025126000510026330000330031454600090034765000190035620260419111225.0 a9780521675802cTZS 94,000/= aMCCLbeng.eAACR 2nd rev. ed. a428 MUR aMurphy Raymond aEssential grammar in use:ba self-study reference and practice book for elementary students of english with answers/cRaymond Murphy a3rd ed. aNew York:bCambridge university press,cc2007. axi,319p.:bill.col.;c24 cm. aeng. aGrammar in use